000 00368 a2200145 4500
005 20250628144407.0
020 _a155141231-4
082 _a336.29 LAI
100 _aLAIKEN, S.N.
245 _aStudent Problem Sets in Taxation Corporations,
260 _aCanada,
_bCCH Canadian Ltd,
_c1999.
300 _aiii; 418p:
_c27cm.
700 _aBARNETT, J.J.
942 _2ddc
_cBKS
999 _c6063
_d6063